000 002470000a22000970004500
100 1 _aAuffret, Pierre
245 1 0 _aÉtude structurelle du psaume 2
300 _avol. 59, núm 2 (2001), Páginas 307-323
773 0 _tEstudios Bíblicos
942 _cANA
999 _c50247
_d50247